[Event "Schachfestival Senioren"]
[Site "Bad Woerishofen"]
[Date "2023.03.11"]
[Round "9.7"]
[White "Goris, Ton"]
[Black "Neese, Hans-Joachim"]
[Result "1/2-1/2"]
[WhiteElo "1905"]
[BlackElo "2058"]
[PlyCount "73"]
[EventDate "2023.??.??"]
[BlackTeam "SV Hennef 1927 e. V."]

1. e4 c5 2. c3 d5 3. exd5 Qxd5 4. d4 Nf6 5. Nf3 Bg4 6. dxc5 Qxc5 7. Be3 Qc7 8. Be2 Nc6 9. h3 Rd8 10. Nbd2 Bc8 11. Qa4 a6 12. Bf4 Qd7 13. Rd1 b5 14. Qc2 Qb7 15. O-O g6 16. Bd3 Bg7 17. Ne4 O-O 18. Nxf6+ Bxf6 19. Be4 Qb6 20. Rxd8 Rxd8 21. Rd1 Re8 22. Rd2 a5 23. Qd1 a4 24. Be3 Qc7 25. Nd4 Nxd4 26. Bxd4 Bg5 27. Rd3 Be6 28. Qb1 Qc4 29. b3 axb3 30. axb3 Qxb3 31. Qxb3 Bxb3 32. Bc6 Bc4 33. Rg3 Rc8 34. Bxb5 Bf4 35. Rg4 e5 36. Bxe5 Bxe5 37. Rxc4 1/2-1/2

[Event "Schachfestival Senioren"]
[Site "Bad Woerishofen"]
[Date "2023.03.11"]
[Round "9.8"]
[White "Daeubler, Heinrich"]
[Black "Schinnerl, Werner"]
[Result "1-0"]
[WhiteElo "2145"]
[BlackElo "1944"]
[PlyCount "53"]
[EventDate "2023.??.??"]
[WhiteTeam "SF Haselmuehl/Amberg"]
[BlackTeam "SC Reutte"]

1. g3 g6 2. Bg2 Bg7 3. e4 c5 4. d3 Nc6 5. c3 d6 6. Ne2 Bg4 7. h3 Bd7 8. O-O Rb8 9. Be3 Qa5 10. Nd2 b5 11. Qc2 b4 12. f4 e6 13. e5 d5 14. Nb3 Qa4 15. Bxc5 Bf8 16. Bf2 Nge7 17. Qd2 Nc8 18. c4 dxc4 19. dxc4 Nb6 20. Rfd1 Rd8 21. Rac1 Be7 22. Nc5 Bxc5 23. Bxc5 Qa5 24. Bd6 Nc8 25. Bxc6 Qb6+ 26. c5 Qxc6 27. Nd4 1-0

[Event "Schachfestival Senioren"]
[Site "Bad Woerishofen"]
[Date "2023.03.11"]
[Round "9.9"]
[White "Bhend, Edwin"]
[Black "Kainz, Josef"]
[Result "1/2-1/2"]
[WhiteElo "2125"]
[BlackElo "1913"]
[PlyCount "29"]
[EventDate "2023.??.??"]
[WhiteTeam "Truemmerfeld"]
[BlackTeam "Frauental"]

1. Nf3 c5 2. e3 Nf6 3. b3 g6 4. Bb2 Bg7 5. c4 O-O 6. Be2 e6 7. O-O b6 8. d3 d5 9. Nbd2 Bb7 10. Qc2 Nc6 11. a3 a5 12. Rac1 Rc8 13. Qb1 Re8 14. Rfd1 Qe7 15. Ne5 1/2-1/2

[Event "Schachfestival Senioren"]
[Site "Bad Woerishofen"]
[Date "2023.03.11"]
[Round "9.10"]
[White "Remensberger, Hansuli"]
[Black "Wegemund, Hubert"]
[Result "1-0"]
[WhiteElo "2103"]
[BlackElo "1869"]
[PlyCount "59"]
[EventDate "2023.??.??"]
[WhiteTeam "Chessflyers"]
[BlackTeam "SK Norderstedt von 1975"]

1. c4 Nf6 2. Nc3 e6 3. Nf3 d5 4. e3 Be7 5. b3 b6 6. cxd5 exd5 7. Bb2 O-O 8. d4 Bb7 9. Bd3 Ne4 10. O-O Nd7 11. Ne2 c5 12. Ng3 f5 13. Ne5 g6 14. Ne2 g5 15. f3 Nd6 16. Rc1 Rc8 17. Qd2 a6 18. Rc2 cxd4 19. Rxc8 Nxc8 20. exd4 Nd6 21. Rc1 Nb8 22. Qc2 Qc8 23. Qc7 Qxc7 24. Rxc7 Bd8 25. Rc1 f4 26. Ba3 Rf6 27. Kf2 Nf5 28. Ng4 Ng7 29. Nxf6+ Bxf6 30. Rc7 1-0

[Event "Schachfestival Senioren"]
[Site "Bad Woerishofen"]
[Date "2023.03.11"]
[Round "9.11"]
[White "Larem, Ewald"]
[Black "Stern, Robert"]
[Result "1/2-1/2"]
[WhiteElo "2070"]
[BlackElo "1877"]
[PlyCount "75"]
[EventDate "2023.??.??"]
[WhiteTeam "SC Rotenburg"]
[BlackTeam "Pimlico"]

1. d4 d5 2. c4 dxc4 3. Nf3 Nf6 4. Nc3 a6 5. a4 Nc6 6. Bg5 h6 7. Bh4 Bf5 8. Bxf6 exf6 9. e4 Bg4 10. Bxc4 Bxf3 11. Qxf3 Nxd4 12. Qd1 Bb4 13. O-O O-O 14. Nd5 Nc6 15. Qh5 Bd6 16. Rad1 Ne7 17. Nxf6+ gxf6 18. Qxh6 b5 19. Rd3 Qc8 20. Rh3 Qxh3 21. Qxh3 bxc4 22. Qc3 Kg7 23. Qxc4 Rfb8 24. b3 Rb4 25. Qd3 Ng6 26. g3 Ne5 27. Qd5 Rab8 28. Rb1 Rxa4 29. Kg2 Rab4 30. f4 Ng6 31. e5 fxe5 32. f5 R4b5 33. Qf3 Nh8 34. Qg4+ Kf8 35. Qh4 Kg7 36. Qg5+ Kf8 37. Qh4 Kg7 38. Qg5+ 1/2-1/2

[Event "Schachfestival Senioren"]
[Site "Bad Woerishofen"]
[Date "2023.03.11"]
[Round "9.12"]
[White "Heppell, Ian N"]
[Black "Keller, Harald"]
[Result "1/2-1/2"]
[WhiteElo "1965"]
[BlackElo "2051"]
[PlyCount "27"]
[EventDate "2023.??.??"]
[WhiteTeam "Wimbledon"]
[BlackTeam "SV Rottweil"]

1. e4 Nf6 2. e5 Nd5 3. Nc3 Nxc3 4. dxc3 d5 5. Nf3 Bf5 6. Bd3 Bxd3 7. Qxd3 Qd7 8. Bf4 e6 9. O-O Na6 10. c4 Nc5 11. Qe2 c6 12. Rfd1 Be7 13. cxd5 exd5 14. Bg3 1/2-1/2

[Event "Schachfestival Senioren"]
[Site "Bad Woerishofen"]
[Date "2023.03.11"]
[Round "9.13"]
[White "Scharrer, Udo"]
[Black "Witte, Ronald"]
[Result "1/2-1/2"]
[WhiteElo "1942"]
[BlackElo "2009"]
[PlyCount "31"]
[EventDate "2023.??.??"]
[WhiteTeam "SV Dicker Turm Esslingen"]
[BlackTeam "BSV 63 Chemie Weissensee"]

1. d4 Nf6 2. c4 e6 3. Nc3 Bb4 4. Qc2 c5 5. dxc5 Qc7 6. Nf3 Bxc5 7. Bg5 Be7 8. e3 a6 9. Rd1 d6 10. Be2 Nbd7 11. O-O b6 12. Rd2 Bb7 13. b3 O-O 14. Rc1 Rac8 15. Nd4 Nc5 16. Bf3 1/2-1/2

[Event "Schachfestival Senioren"]
[Site "Bad Woerishofen"]
[Date "2023.03.11"]
[Round "9.14"]
[White "Nordby, Bernt"]
[Black "Eibl, Guenter"]
[Result "1/2-1/2"]
[WhiteElo "2001"]
[BlackElo "1693"]
[PlyCount "114"]
[EventDate "2023.??.??"]
[WhiteTeam "Fredrikstad Schakselskap"]
[BlackTeam "Schachfreunde Muenchen"]

1. d4 d5 2. c4 c6 3. Nf3 Nf6 4. e3 Bf5 5. cxd5 cxd5 6. Qb3 Qb6 7. Qxb6 axb6 8. Nc3 Nbd7 9. Bb5 e6 10. Bd2 Bd6 11. Na4 O-O 12. Ke2 Rfc8 13. Rhc1 Kf8 14. h3 h6 15. g4 Bc2 16. Ne1 Bxa4 17. Rxc8+ Rxc8 18. Bxa4 Ke7 19. Nd3 Ne4 20. Be1 Kd8 21. f3 Nef6 22. Rc1 Rxc1 23. Nxc1 Nb8 24. Kd3 Nc6 25. e4 dxe4+ 26. fxe4 Bh2 27. Ne2 Bc7 28. a3 Ke7 29. b4 Ke8 30. Bf2 Ke7 31. Bg1 Kd8 32. Nc3 Ne7 33. Bb3 Nc8 34. e5 Nd7 35. Nb5 Bb8 36. Ke4 Ke7 37. Bh2 f6 38. h4 fxe5 39. dxe5 Nf8 40. Nd4 Bc7 41. b5 Kd7 42. Bg3 Bd8 43. Be1 Be7 44. a4 Bc5 45. Ne2 Ng6 46. h5 Nf8 47. Nf4 Ne7 48. Bh4 Nc8 49. Nd3 Be7 50. Bf2 Ba3 51. Be3 Be7 52. Nb2 Kc7 53. Nc4 Bb4 54. g5 hxg5 55. Bxg5 Ne7 56. Bxe7 Bxe7 57. Ne3 Bc5 1/2-1/2

[Event "Schachfestival Senioren"]
[Site "Bad Woerishofen"]
[Date "2023.03.11"]
[Round "9.16"]
[White "Haugg, Gerhard"]
[Black "Schwalb, Manfred"]
[Result "0-1"]
[WhiteElo "1744"]
[BlackElo "1955"]
[PlyCount "38"]
[EventDate "2023.??.??"]
[BlackTeam "SV Calw"]

1. e4 Nf6 2. Nc3 e5 3. Bc4 d6 4. d3 Nc6 5. a3 Be7 6. h3 O-O 7. Nf3 Be6 8. Ba2 Bxa2 9. Rxa2 d5 10. exd5 Nxd5 11. Bd2 f5 12. O-O Bf6 13. Nxd5 Qxd5 14. b3 Rad8 15. Bc3 e4 16. Bxf6 Rxf6 17. Ne1 f4 18. f3 e3 19. Qe2 Nd4 0-1

[Event "Schachfestival Senioren"]
[Site "Bad Woerishofen"]
[Date "2023.03.11"]
[Round "9.17"]
[White "Wuest, Michael"]
[Black "Rueberg, Jobst"]
[Result "1/2-1/2"]
[WhiteElo "1881"]
[BlackElo "2090"]
[PlyCount "94"]
[EventDate "2023.??.??"]
[WhiteTeam "PTSV SK Hof 1892"]
[BlackTeam "SV Ahlen 1954 e. V."]

1. e4 c5 2. Nf3 a6 3. d4 cxd4 4. Nxd4 Nf6 5. Nc3 e5 6. Nde2 Bc5 7. Ng3 Qb6 8. Qe2 Bb4 9. Bd2 d6 10. h3 Nc6 11. O-O-O Be6 12. a3 Bxc3 13. Bxc3 O-O-O 14. Nh5 Nxh5 15. Qxh5 Qxf2 16. Qg5 h6 17. Qd2 Qxd2+ 18. Rxd2 Rhe8 19. b4 d5 20. exd5 Rxd5 21. Rxd5 Bxd5 22. b5 axb5 23. Bxb5 g6 24. Rf1 f5 25. g3 Re6 26. Re1 Be4 27. Rd1 Kc7 28. h4 Bf3 29. Re1 e4 30. Bc4 Re7 31. Bd2 Ne5 32. Bf4 Kc6 33. Be2 Bxe2 34. Rxe2 Nf7 35. Re3 Kd5 36. Rb3 g5 37. hxg5 hxg5 38. Be3 Ke5 39. Rb5+ Kf6 40. Rb6+ Kg7 41. a4 Rd7 42. a5 Ne5 43. a6 bxa6 44. Rxa6 Nc4 45. Bxg5 e3 46. Re6 Kf7 47. Rf6+ Kg7 1/2-1/2

[Event "Schachfestival Senioren"]
[Site "Bad Woerishofen"]
[Date "2023.03.11"]
[Round "9.18"]
[White "Walther, Reinhard"]
[Black "Di Lazzaro, Gabriele"]
[Result "1/2-1/2"]
[WhiteElo "1987"]
[BlackElo "1810"]
[PlyCount "130"]
[EventDate "2023.??.??"]
[WhiteTeam "SK 1911 Herzogenaurach e.V."]

1. d4 Nf6 2. Bg5 Ne4 3. Bf4 c5 4. d5 Qb6 5. Bc1 g6 6. f3 Nf6 7. e4 d6 8. Nd2 Bg7 9. Ne2 e6 10. Nc3 exd5 11. Nxd5 Nxd5 12. Nc4 Qd8 13. Qxd5 O-O 14. Qxd6 Qxd6 15. Nxd6 Nc6 16. Nxc8 Raxc8 17. c3 Rcd8 18. Be3 b6 19. Be2 Ne5 20. Rd1 Rxd1+ 21. Kxd1 Rd8+ 22. Kc2 Kf8 23. a4 Nc6 24. Bb5 Ne7 25. a5 Nc8 26. axb6 axb6 27. Ra1 Nd6 28. Bf1 f5 29. exf5 Nxf5 30. Bf4 Bh6 31. Bxh6+ Nxh6 32. g4 Nf7 33. Ra7 h6 34. f4 g5 35. fxg5 hxg5 36. Rb7 Rd6 37. Be2 Ne5 38. Rh7 Rf6 39. Kd1 Rf4 40. h3 Rf6 41. h4 gxh4 42. Rxh4 Kg7 43. Rh2 Kg6 44. Rh5 Re6 45. Rf5 Kg7 46. Kd2 Kg6 47. Rf2 Kg5 48. Rf8 Kh4 49. Rg8 Kg3 50. Rf8 Kh4 51. Rf1 Kg5 52. Rg1 Re7 53. Kc2 Rf7 54. Kb3 Rf4 55. Rg2 Nf7 56. Bc4 Nd6 57. Bd5 Rxg4 58. Re2 Rf4 59. Re7 Rf6 60. c4 Nf5 61. Re5 Kf4 62. Re4+ Kg5 63. Ka4 Nd4 64. b4 Rf1 65. Ka3 Nc2+ 1/2-1/2

[Event "Schachfestival Senioren"]
[Site "Bad Woerishofen"]
[Date "2023.03.11"]
[Round "9.19"]
[White "Fiedler, Wolfgang"]
[Black "Green, Per"]
[Result "1/2-1/2"]
[WhiteElo "1990"]
[BlackElo "1876"]
[PlyCount "72"]
[EventDate "2023.??.??"]
[WhiteTeam "SC Schwarz-Weiss Nuernberg Sued e.V."]
[BlackTeam "Argryte SK"]

1. f4 c5 2. Nf3 Nf6 3. e3 g6 4. d4 Bg7 5. c3 b6 6. Bc4 O-O 7. O-O d6 8. Qe2 Bb7 9. Nbd2 Nbd7 10. e4 d5 11. e5 dxc4 12. exf6 Bxf6 13. dxc5 Nxc5 14. Nxc4 Qd3 15. Qxd3 Nxd3 16. Be3 Rac8 17. Nfd2 Ba6 18. Rfd1 Rfd8 19. b3 Bxc3 20. Rab1 Bd4 21. Bxd4 Rxd4 22. Nf3 Rdd8 23. Nce5 Nxf4 24. Rxd8+ Rxd8 25. Nc6 Rd6 26. Nxa7 Bb7 27. Kf2 Nd3+ 28. Ke3 Nb4 29. a4 Rd3+ 30. Ke2 Bd5 31. Nc8 Kf8 32. Nxb6 Rxb3 33. Rxb3 Bxb3 34. Nd4 Ba2 35. a5 e5 36. Nd7+ Ke7 1/2-1/2

[Event "Schachfestival Senioren"]
[Site "Bad Woerishofen"]
[Date "2023.03.11"]
[Round "9.20"]
[White "Wulf, Juergen"]
[Black "Waltenberger, Udo"]
[Result "1/2-1/2"]
[WhiteElo "1841"]
[BlackElo "1978"]
[PlyCount "41"]
[EventDate "2023.??.??"]
[WhiteTeam "Markdorf"]
[BlackTeam "SV Eiche Reichenbrand"]

1. d4 Nf6 2. Nf3 g6 3. b3 Bg7 4. Bb2 d5 5. Nbd2 Nbd7 6. e3 O-O 7. Be2 b6 8. O-O Bb7 9. c4 c5 10. Ne5 Nxe5 11. dxe5 Ne4 12. Bf3 e6 13. Bxe4 dxe4 14. Qc2 Qd3 15. Qxd3 exd3 16. Rad1 f6 17. exf6 Bxf6 18. Bxf6 Rxf6 19. Rfe1 Bc6 20. f3 e5 21. e4 1/2-1/2

[Event "Schachfestival Senioren"]
[Site "Bad Woerishofen"]
[Date "2023.03.11"]
[Round "9.22"]
[White "Kievelitz, Bernd"]
[Black "Wagner, Franz"]
[Result "1-0"]
[WhiteElo "1854"]
[BlackElo "1954"]
[PlyCount "49"]
[EventDate "2023.??.??"]
[WhiteTeam "Zitadelle Spandau"]
[BlackTeam "Ichenhausen"]

1. Nf3 d5 2. d4 Nf6 3. c4 e6 4. Nc3 Bb4 5. Bg5 c6 6. Bxf6 Qxf6 7. e3 O-O 8. Rc1 Nd7 9. a3 Bd6 10. Bd3 dxc4 11. Bxc4 Bc7 12. O-O e5 13. d5 Nb6 14. Ne4 Qd8 15. d6 Bb8 16. Nxe5 Nxc4 17. Nxc4 Be6 18. Qd4 b5 19. Ne5 Bc4 20. Nxc4 bxc4 21. Qxc4 Re8 22. Qxc6 Bxd6 23. Nxd6 Re6 24. Rfd1 Qf8 25. Qxa8 1-0

[Event "Schachfestival Senioren"]
[Site "Bad Woerishofen"]
[Date "2023.03.11"]
[Round "9.23"]
[White "Harsch, Martin"]
[Black "Schestak, Herbert"]
[Result "0-1"]
[WhiteElo "1888"]
[BlackElo "1729"]
[PlyCount "70"]
[EventDate "2023.??.??"]
[WhiteTeam "Saanenland"]

1. e4 c6 2. d4 d5 3. e5 Bf5 4. Nf3 e6 5. Be2 Nd7 6. O-O c5 7. c4 Ne7 8. Na3 a6 9. Be3 dxc4 10. Nxc4 Nd5 11. Bg5 Qc7 12. Rc1 b5 13. Ne3 Nxe3 14. Bxe3 c4 15. Nd2 Nb6 16. Bf3 Rc8 17. Ne4 Nd5 18. g4 Bg6 19. h4 f5 20. gxf5 Bxf5 21. Ng3 Bd3 22. Re1 Be7 23. h5 Nxe3 24. fxe3 Bh4 25. Kh2 Qe7 26. Rg1 Rf8 27. Ne4 Bxe4 28. Bxe4 Rf2+ 29. Kh3 Bg5 30. Bxh7 Kd7 31. Rc3 Rcf8 32. Be4 Rxb2 33. d5 Kc8 34. d6 Qf7 35. Qd4 Qxh5+ 0-1

[Event "Schachfestival Senioren"]
[Site "Bad Woerishofen"]
[Date "2023.03.11"]
[Round "9.24"]
[White "Kleinhenz, Hans-Georg"]
[Black "Naeckel, Gerhard"]
[Result "1/2-1/2"]
[WhiteElo "1796"]
[BlackElo "2146"]
[PlyCount "71"]
[EventDate "2023.??.??"]
[WhiteTeam "Stolberger SV 1927"]
[BlackTeam "SV Steinitz Puettlingen"]

1. d4 Nf6 2. Nf3 e6 3. g3 c5 4. Bg2 Nc6 5. e3 d5 6. O-O Bd6 7. b3 O-O 8. Bb2 Ne4 9. Nbd2 f5 10. dxc5 Bxc5 11. c4 Qe7 12. Ne5 Nxe5 13. Bxe5 Rd8 14. Nxe4 dxe4 15. Qc2 Bd7 16. Rfd1 Be8 17. Rxd8 Rxd8 18. Rd1 Bh5 19. Rxd8+ Qxd8 20. Bf1 Qd1 21. Qxd1 Bxd1 22. Bc3 b6 23. b4 Bf8 24. a3 Kf7 25. Bd4 Bd6 26. c5 bxc5 27. bxc5 Bc7 28. Ba6 Ba4 29. Bc3 Bc6 30. Kf1 g6 31. Ke2 Ke7 32. Kd2 Kd7 33. Bg7 Ba5+ 34. Ke2 Bc7 35. Kd2 Ba5+ 36. Ke2 1/2-1/2

[Event "Schachfestival Senioren"]
[Site "Bad Woerishofen"]
[Date "2023.03.11"]
[Round "9.26"]
[White "Rumsey, Victor B"]
[Black "Kierzek, Mira"]
[Result "1/2-1/2"]
[WhiteElo "1696"]
[BlackElo "1989"]
[PlyCount "107"]
[EventDate "2023.??.??"]
[WhiteTeam "Battersea"]
[BlackTeam "SC Fulda"]

1. d4 d5 2. c4 c6 3. Nf3 Nf6 4. e3 Bf5 5. Nc3 e6 6. Qb3 Qc7 7. Nh4 Bg6 8. Bd2 Nbd7 9. h3 Be4 10. cxd5 exd5 11. Nxe4 Nxe4 12. Nf3 Bd6 13. Bd3 Ndf6 14. Bb4 O-O 15. Bxd6 Qxd6 16. O-O b6 17. Rac1 c5 18. Qa3 c4 19. Qxd6 Nxd6 20. Bb1 b5 21. Ne5 Rac8 22. f3 a5 23. Rfe1 Rfd8 24. e4 Nde8 25. a4 dxe4 26. axb5 Rxd4 27. Nc6 Rd7 28. fxe4 Nc7 29. Rxc4 Kf8 30. Nxa5 Rb8 31. Rec1 Nfe8 32. Rb4 Rxb5 33. Rxb5 Nxb5 34. Ba2 Nd4 35. Rf1 Nf6 36. e5 Ra7 37. exf6 Rxa5 38. fxg7+ Kxg7 39. Bxf7 Rb5 40. Rf2 Re5 41. Bc4 Nf5 42. Re2 Rc5 43. b3 h6 44. Kf2 Kf6 45. g4 Nd4 46. Rd2 Ke5 47. Ke3 Nc6 48. h4 Ra5 49. Rf2 Nd4 50. Kd3 Ra1 51. Rf8 Rd1+ 52. Kc3 Rc1+ 53. Kd2 Rg1 54. g5 1/2-1/2

[Event "Schachfestival Senioren"]
[Site "Bad Woerishofen"]
[Date "2023.03.11"]
[Round "9.27"]
[White "Braeu, Wolfgang"]
[Black "Speicher, Franz"]
[Result "1-0"]
[WhiteElo "1921"]
[BlackElo "1790"]
[PlyCount "75"]
[EventDate "2023.??.??"]
[WhiteTeam "ASV Martinszell Abteilung Schach"]
[BlackTeam "Dicker Turm Esslingen"]

1. d4 d5 2. c4 e6 3. Nc3 c5 4. cxd5 cxd4 5. Qxd4 Nc6 6. Qd1 exd5 7. e3 Nf6 8. Nf3 Bc5 9. Bb5 O-O 10. O-O Bg4 11. Be2 Re8 12. h3 Be6 13. a3 a5 14. Nb5 Qe7 15. Nfd4 Bc8 16. Re1 Ne4 17. Bd3 Ne5 18. Qe2 Nxd3 19. Qxd3 Qh4 20. Qf1 Ra6 21. Nf3 Qe7 22. Kh2 Rh6 23. Re2 Bg4 24. Nbd4 Ng5 25. e4 Nxf3+ 26. Nxf3 Qd6+ 27. e5 Rxe5 28. Bf4 Bxf3 29. Rxe5 Re6 30. Rf5 Qe7 31. gxf3 Bd6 32. Bg3 Bxg3+ 33. fxg3 Re2+ 34. Kg1 d4 35. Rd1 Qe3+ 36. Kh1 d3 37. Rxd3 Qxd3 38. Re5 1-0

[Event "Schachfestival Senioren"]
[Site "Bad Woerishofen"]
[Date "2023.03.11"]
[Round "9.29"]
[White "Schilling, Hans"]
[Black "Christen, Pierre"]
[Result "1/2-1/2"]
[WhiteElo "1724"]
[BlackElo "1855"]
[PlyCount "35"]
[EventDate "2023.??.??"]

1. d4 d5 2. Nf3 Nf6 3. e3 Bf5 4. Bd3 Bxd3 5. cxd3 e6 6. O-O Nc6 7. Nc3 Bb4 8. Bd2 O-O 9. Ne2 Bd6 10. Qb3 Rb8 11. Rac1 Ne7 12. Bb4 Ng6 13. Qa3 Bxb4 14. Qxb4 c6 15. h3 h5 16. Rc2 h4 17. Rfc1 Re8 18. a3 1/2-1/2

[Event "Schachfestival Senioren"]
[Site "Bad Woerishofen"]
[Date "2023.03.11"]
[Round "9.30"]
[White "Wild, Helmut"]
[Black "Wacker, Manfred"]
[Result "1-0"]
[WhiteElo "1855"]
[BlackElo "1718"]
[PlyCount "47"]
[EventDate "2023.??.??"]
[WhiteTeam "SK Gau-Algesheim"]
[BlackTeam "SC 1997 Lambsheim"]

1. c4 c5 2. Nc3 Nc6 3. Nf3 Nf6 4. d4 cxd4 5. Nxd4 e6 6. Nc2 a6 7. e4 d6 8. Be2 Be7 9. O-O O-O 10. a3 Rb8 11. f3 b6 12. Be3 Qc7 13. Rc1 Rd8 14. Nd4 Bb7 15. b4 Nxd4 16. Qxd4 Ba8 17. Rfd1 Qb7 18. Na4 Nd7 19. Bf2 b5 20. cxb5 axb5 21. Nc3 Bf6 22. Qxd6 Nb6 23. Qxb6 Rxd1+ 24. Nxd1 1-0

[Event "Schachfestival Senioren"]
[Site "Bad Woerishofen"]
[Date "2023.03.11"]
[Round "9.31"]
[White "Zwetz, Anita"]
[Black "Kirchner, Ulrich"]
[Result "1/2-1/2"]
[WhiteElo "1827"]
[BlackElo "1750"]
[PlyCount "55"]
[EventDate "2023.??.??"]
[WhiteTeam "TSV Kareth-Lappersdorf"]
[BlackTeam "SF Blaustein"]

1. d4 Nf6 2. Bg5 d5 3. Nf3 e6 4. e3 Be7 5. Nbd2 Nbd7 6. c3 O-O 7. Bd3 h6 8. Bh4 b6 9. Qe2 Bb7 10. h3 c5 11. Bc2 Ne4 12. Bxe7 Qxe7 13. Nxe4 dxe4 14. Nd2 Nf6 15. dxc5 Qxc5 16. Nb3 Qc7 17. O-O a5 18. Rfd1 Ba6 19. Qe1 Rfd8 20. Nd4 Rd7 21. Ne2 Rad8 22. Rxd7 Rxd7 23. Rd1 Qc4 24. Rxd7 Nxd7 25. Ng3 Qxa2 26. Qd1 Qd5 27. Nxe4 Qxd1+ 28. Bxd1 1/2-1/2

[Event "Schachfestival Senioren"]
[Site "Bad Woerishofen"]
[Date "2023.03.11"]
[Round "9.32"]
[White "Lechner, Otto"]
[Black "Mayer, Dietmar"]
[Result "1-0"]
[WhiteElo "1820"]
[BlackElo "1705"]
[PlyCount "95"]
[EventDate "2023.??.??"]
[WhiteTeam "TSV Wertingen 1862 SAbt"]

1. d4 Nf6 2. Nf3 c5 3. e3 g6 4. Be2 b6 5. c4 cxd4 6. exd4 d5 7. cxd5 Nxd5 8. Nc3 Nxc3 9. bxc3 Bg7 10. Ne5 Bxe5 11. Bf3 Qc7 12. dxe5 Bb7 13. O-O Nc6 14. Bh6 Qxe5 15. Re1 Qf6 16. Qd2 Rd8 17. Bg5 Rxd2 18. Bxf6 O-O 19. Bxc6 Bxc6 20. Rxe7 Rfd8 21. Bd4 a6 22. h3 b5 23. a3 Re8 24. Rxe8+ Bxe8 25. Re1 Bc6 26. Re7 Kf8 27. Ra7 b4 28. axb4 Bb5 29. Bf6 Ke8 30. Ra8+ Kd7 31. Rd8+ Ke6 32. Rxd2 Kxf6 33. Rd4 Ke5 34. f4+ Ke6 35. c4 Bc6 36. Kf2 h5 37. g3 Ke7 38. Rd2 Ke6 39. Ke3 Bd7 40. Rxd7 Kxd7 41. Kd4 Kd6 42. g4 hxg4 43. hxg4 f6 44. g5 f5 45. c5+ Ke6 46. Kc4 Ke7 47. b5 a5 48. b6 1-0

[Event "Schachfestival Senioren"]
[Site "Bad Woerishofen"]
[Date "2023.03.11"]
[Round "9.33"]
[White "Cerpnjak, Mirko"]
[Black "Krotofil, Kurt"]
[Result "1/2-1/2"]
[WhiteElo "1702"]
[BlackElo "1817"]
[PlyCount "41"]
[EventDate "2023.??.??"]
[WhiteTeam "SC Groebenzell"]
[BlackTeam "Niendorfer TSV 1919 SAbt"]

1. e4 c5 2. Nc3 Nc6 3. Nf3 d6 4. g3 Nf6 5. h3 e6 6. Bg2 Be7 7. O-O O-O 8. Re1 a6 9. a4 Qc7 10. d3 b6 11. e5 dxe5 12. Nxe5 Bb7 13. Nc4 Nd7 14. Bf4 Qd8 15. Nd6 Bxd6 16. Bxd6 Re8 17. Bf4 e5 18. Bd2 Nf6 19. Ne4 Nxe4 20. Bxe4 Qd7 21. Qg4 1/2-1/2

[Event "Schachfestival Senioren"]
[Site "Bad Woerishofen"]
[Date "2023.03.11"]
[Round "9.34"]
[White "Wenske, Hardy"]
[Black "Bachmann, Rolf"]
[Result "0-1"]
[WhiteElo "1761"]
[BlackElo "1870"]
[PlyCount "78"]
[EventDate "2023.??.??"]
[WhiteTeam "Kieler Schachgesellschaft"]
[BlackTeam "Hammer Sportclub 2008 e. V."]

1. Nf3 Nf6 2. d4 d5 3. e3 e6 4. Bd3 c5 5. b3 Nc6 6. O-O a6 7. Bb2 b5 8. dxc5 Bxc5 9. Nbd2 O-O 10. a3 Bb7 11. Ne5 Nxe5 12. Bxe5 Qe7 13. b4 Bb6 14. Re1 Rfd8 15. f3 Ne8 16. Nb3 Nd6 17. Bd4 Bc7 18. Bc5 Qh4 19. g3 Qh6 20. Bxd6 Rxd6 21. Nc5 Bc8 22. f4 Bb6 23. Nb3 Qf6 24. Nd4 e5 25. fxe5 Qxe5 26. Kg2 Bd7 27. Nf3 Qe7 28. Nd4 g6 29. Qe2 h5 30. Qf2 Re8 31. Qd2 Bg4 32. h3 Bd7 33. Re2 h4 34. g4 Kg7 35. Rf1 Rf6 36. Rxf6 Qxf6 37. c3 Bc7 38. Rf2 Qe5 39. Rf3 Qh2+ 0-1

[Event "Schachfestival Senioren"]
[Site "Bad Woerishofen"]
[Date "2023.03.11"]
[Round "9.35"]
[White "Aigner, Georg"]
[Black "Ganslmayer, Anton"]
[Result "1/2-1/2"]
[WhiteElo "1742"]
[BlackElo "1856"]
[PlyCount "32"]
[EventDate "2023.??.??"]
[WhiteTeam "SC Taufkirchen"]
[BlackTeam "SV Jedesheim"]

1. e4 Nf6 2. Nc3 e5 3. Nf3 Bb4 4. a3 Bxc3 5. dxc3 d6 6. Bg5 h6 7. Bxf6 Qxf6 8. Qd3 O-O 9. O-O-O Nd7 10. Qe3 Nc5 11. Bc4 Re8 12. h3 Qf4 13. Rhe1 Be6 14. Bxe6 Nxe6 15. g3 Qxe3+ 16. Rxe3 g6 1/2-1/2

[Event "Schachfestival Senioren"]
[Site "Bad Woerishofen"]
[Date "2023.03.11"]
[Round "9.36"]
[White "Vonach, Bernhard"]
[Black "Wagner, Werner"]
[Result "1/2-1/2"]
[WhiteElo "1829"]
[BlackElo "1740"]
[PlyCount "43"]
[EventDate "2023.??.??"]
[WhiteTeam "Sportfr.Windach e.V.1923"]
[BlackTeam "SC GEMA St.Ingbert"]

1. Nf3 Nf6 2. b3 d5 3. d4 Bf5 4. Bb2 h6 5. e3 Nbd7 6. Nbd2 e6 7. a3 Be7 8. Bd3 Ne4 9. O-O c5 10. Ne5 Nxd2 11. Qxd2 Bxd3 12. cxd3 Nxe5 13. dxe5 Qb6 14. Qc2 Rc8 15. b4 O-O 16. bxc5 Rxc5 17. Qd2 Qc7 18. Rfc1 a6 19. Rxc5 Qxc5 20. Rc1 Qb6 21. Rc2 Re8 22. g3 1/2-1/2

[Event "Schachfestival Senioren"]
[Site "Bad Woerishofen"]
[Date "2023.03.11"]
[Round "9.37"]
[White "Laustsen, Karl-Johan"]
[Black "Fuchs, Joachim"]
[Result "1/2-1/2"]
[WhiteElo "1804"]
[BlackElo "1728"]
[PlyCount "98"]
[EventDate "2023.??.??"]
[WhiteTeam "1.FC Marktleuthen"]
[BlackTeam "SC Starnberg"]

1. d4 d5 2. Bf4 e6 3. e3 Bd6 4. Bg3 b6 5. Nd2 Bb7 6. Bd3 Nf6 7. c3 Nbd7 8. Ngf3 h6 9. Ne5 O-O 10. O-O Ne4 11. Nxd7 Qxd7 12. Bxd6 cxd6 13. Rc1 f5 14. f3 Nf6 15. Qe2 a6 16. Kh1 Nh5 17. f4 Nf6 18. Rg1 Qf7 19. g3 Ng4 20. Nf3 Qh5 21. Rce1 Rfe8 22. Qg2 Rab8 23. Nd2 Qf7 24. Rgf1 Qd7 25. h3 Nf6 26. g4 Ne4 27. Nxe4 dxe4 28. Be2 Kh7 29. gxf5 exf5 30. Bh5 Re6 31. Rg1 Rf6 32. Kh2 Rg8 33. Bg6+ Kh8 34. Qg3 Qe6 35. a3 Bc6 36. Rg2 Be8 37. Bxe8 Qxe8 38. Qh4 Rg6 39. Reg1 Rxg2+ 40. Rxg2 Qd8 41. Qxd8 Rxd8 42. Rg6 Kh7 43. Re6 b5 44. Kg3 Kg8 45. Re7 Rb8 46. Ra7 Rb6 47. h4 h5 48. Kf2 Kh7 49. Ke2 Kg6 1/2-1/2

[Event "Schachfestival Senioren"]
[Site "Bad Woerishofen"]
[Date "2023.03.11"]
[Round "9.38"]
[White "Kumeth, Hartmut"]
[Black "Eschle, Hubert"]
[Result "0-1"]
[WhiteElo "1724"]
[BlackElo "1776"]
[PlyCount "68"]
[EventDate "2023.??.??"]
[WhiteTeam "SK Union Oldenburg"]
[BlackTeam "SC Villingen-Schwenningen"]

1. d4 Nf6 2. c4 c5 3. d5 e5 4. dxe6 fxe6 5. Nc3 Be7 6. e4 Nc6 7. Nf3 O-O 8. Be3 a6 9. Be2 Ng4 10. Qd2 Nxe3 11. Qxe3 d6 12. a3 Bf6 13. O-O Bd7 14. Rfd1 Nd4 15. Nxd4 Bxd4 16. Rxd4 cxd4 17. Qxd4 Qf6 18. Qxd6 Qxf2+ 19. Kh1 Rf7 20. Qd3 Raf8 21. Rg1 Qf4 22. Bf3 Qc7 23. b4 Be8 24. Ne2 Rd7 25. Qc3 Qd8 26. Qe5 Qf6 27. Qg3 Rd3 28. Rf1 Rxa3 29. Qc7 Bc6 30. e5 Qf7 31. Qd6 Bxf3 32. Rxf3 Rxf3 33. gxf3 Qxf3+ 34. Kg1 Qf1# 0-1